000
00289nam a2200133Ia 4500
005
20251222155039.0
008
251222s9999||||xx |||||||||||||| ||spa||
082
_a
BIO.11
100
_a
CEPURP
245
0
_a
Anatomía - Biología
250
_a
3ra. ed.
264
_b
Cepurp
942
_c
LIB
999
_c
36855
_d
36855